00426nam a22001457a 450000500170000001000150001702000260003203500130005803700130007124500660008426000410015027000520019130000210024370000160026420130621122102.0 aENG-107699 a9788189983291c650.00 aEN-91232 bDBAD/PUB aGuidance and counselling /cedited and compiled by O.P. Aneja aNew DelhibKhel Sahitya Kendrac2013 a7/26, Ansari Road, DaryaganjbNew Delhie110002 a255p. c22cm(Hb) aAneja, O.P.